|
|
|
|
| LEADER |
00000nab a2200000uu 4500 |
| 001 |
vtls011536761 |
| 003 |
SK-MaSNL |
| 005 |
20260303232931.0 |
| 008 |
230222|2011 xo |||||||||||||||||slo| |
| 015 |
|
|
|a SNBRB
|
| 035 |
|
|
|a (urnnbn)urn:nbn:sk:snk:ar-004zjz
|
| 035 |
|
|
|a (uuid)6a372973-f953-468d-9111-003d76b5f32d
|
| 035 |
|
|
|a urn:nbn:sk:snk-abevux
|
| 040 |
|
|
|a SNKBUCL
|b slo
|c SNKBUCL
|e AACR2
|
| 041 |
0 |
|
|a slo
|
| 044 |
|
|
|a xo
|c SK
|
| 100 |
1 |
|
|a Szentesiová, Lenka,
|d 1985-
|4 aut
|9 244922
|
| 245 |
1 |
0 |
|a SOUČKOVÁ, Marta: P[R]ÓZY PO ROKU 1989.
|c Lenka Szentesiová
|
| 773 |
0 |
|
|t Slovenská literatúra
|g Roč. 58, č. 5 (2011), s. 475-480
|
| 954 |
|
|
|a odborná, vedecká literatúra pôvodná (slovenská)
|2 lita
|
| 958 |
|
|
|a OND
|
| 958 |
|
|
|a EUIPO
|
| 958 |
|
|
|a article22
|
| 999 |
|
|
|c 2274713
|d 2276643
|